Personnage des aventures de Tintin : Coco - Statistiques

Statistiques générales
  • Ce quiz a été pris 56 fois
  • Le résultat moyen est 9 sur 15
Statistiques - réponses
Questions Réponses % Correct
Album dans lequel apparaît Coco. Tintin au Congo
93%
Abri que Tintin demande à Coco de dresser pour passer la nuit. Une tente
70%
Moyen de transport que tracte Tintin avec la voiture précédente avec Coco comme passager. Un train
70%
Animal qui s'appelle également Coco dans deux albums ultérieures des aventures de Tintin (il s'agit du même animal, de la même espèce mais pas du même être). Un perroquet
67%
Albums dans lesquels on retrouve de ces deux animaux nommés Coco. Les Bijoux de la Castafiore
65%
Terme par lequel on désignait un jeune serviteur indigène dans les colonies française et belge, ce qu'était Coco pour Tintin. Un boy
65%
Tribu fictive qui fit de Tintin leur prisonnier. Coco le délivre. Il s'agit également d'un savarin, dessert alcoolisé bien connu (avec une graphie différente). Les Babaoro'm
63%
Animal dans la peau duquel Tintin se présente à Coco qui prit peur. Un singe
63%
Animal que Tintin a tué en multiples exemplaires. Il demanda à Coco d'en faire un bon plat. L'antilope
53%
Albums dans lesquels on retrouve de ces deux animaux nommés Coco. L'Oreille cassée
53%
Personnage qui dit alors à Coco qu'il ne faut jamais avoir peur. Milou
53%
Complétez cette réplique de Coco : "Ca y en a missié blanc venir et battre petit noir... li avoir peur... et missié blanc parti avec to______." Tomobile
40%
Modèle de voiture que conduisait Tintin avec Coco. La Ford T
35%
Langue africaine courante au Sénégal de laquelle provient le terme précédent qui, soit dit en passant, signifie également "garçon" en anglais mais n'a donc aucune origine anglaise. Le wolof
35%
Appareil qu'utilise Tintin pour enregistrer le dialogue entre le sorcier Muganga et l'homme blanc qui lui a volé sa voiture. Il a chargé Coco de lui apporter cet appareil. Dans le même temps, il filme ces deux personnages. Un phonographe
30%
Aucun quiz correspondant
Distribution des résultats
% des personnes avec chaque résultat
Percentile par nombre de réponses
Votre historique - résultats
Vous n’avez pas pris ce quiz